01855nam a2200385Ia 4500001000900000003000500009005001700014008004100031010001100072040000900083082001900092110005900111245023000170260012400400300000900524500004500533503000700578504003300585590002200618650004000640650005000680650004200730650005200772700005000824700004400874700004000918710012400958901001901082902000601101905006301107942001001170999001901180952013501199952013501334dia_6218CHAP20230327121239.0220117s1972 xx 000 0 und d a177441 cCHAP a664.8 C87 1972 aMéxico. Secretaría de Educación Pública977166 aCurso teórico práctico sobre conservación y transformación de frutas y hortalizas /c dirección Gaetano Paltrinieri ; coordinación José González Ramírez ; colaboración Herlinda López Tovar...[et al...] aMéxico :b Secretaría de Educación Publica. Dirección General de Educación Tecnológica Agropecuaria,c1972 a3 t. aLa biblioteca cuenta con los tomos 1 y 2 aD. aBibliografía: h. [353-360] aTX612.F7 C87 1972 aFruitsxFood preservation 9148119 aFrutosxPreservación de alimentos 9148120 aVegetablesxFood preservation9153241 aVerdurasxPreservación de alimentos 9153242 aGonzález Ramírez, José, coord. 9147834 aLópez Tovar, Herlinda, colab.9161228 aPaltrinieri, Gaetano, dir. 9161229 aSecretaría de Educación Pública. Dirección General de Educación Tecnologíca Agropecuaria (México)9161230 a664.8 C87 1972 aM a5232271972 mx anm 8223123322spa16 cLIBRO c177441d177441 00102ddc40708GRALaIA_bIA_d2022-01-18f1h Tomo: 2l0o664.8 C87 1972pdia_000580r2022-01-18 00:00:00t1w2022-01-18yLIBRO 00102ddc40708GRALaIA_bIA_d2022-01-18f1h Tomo: 1l0o664.8 C87 1972pdia_000579r2022-01-18 00:00:00t1w2022-01-18yLIBRO